000 00548nam a2200193Ia 4500
005 20250326142613.0
008 250326s9999 xx 000 0 und d
020 _a81-7240-038-1
037 _aTextbook
040 _aFMSL
_beng
_cFMSL
041 _aeng
_2eng
084 _aX;51 N3;2
_qFMSL
100 _aVerma Harsh V
245 0 _aMarketing of services strategies for success
_cVerma Harsh V
260 _aNew Delhi
_bNew Delhi, Global Bussiness
_c1993
300 _a156p
942 _cTB
_hX;51 N3;2
999 _c1295792
_d1295792